| 000 | 00464nam a2200169Ia 4500 | ||
|---|---|---|---|
| 999 |
_c7255 _d7255 |
||
| 003 | GBCCL | ||
| 005 | 20241126110623.0 | ||
| 008 | 180719b ||||| |||| 00| 0 eng d | ||
| 020 | _a1876689420 | ||
| 020 | _a9781876689421 | ||
| 040 | _cGBC | ||
| 082 |
_a001.94 _bREA |
||
| 245 |
_aLast mysteries of the world / _cReader's digest associatiion. |
||
| 260 |
_cHong kong : _aReader's digest, _b 2006. |
||
| 300 |
_a336 pages ; _c20 cm |
||
| 942 |
_eREPRINTED _2ddc _cREF |
||